Statistics for Best of Germany Picture Quiz

Click here to take the quiz!

General Stats

  • This quiz has been taken 99 times
  • The average score is 9 of 15

Answer Stats

Answer% Correct
Beer
96%
Berlin
90%
Autobahns
87%
Frankfurt
83%
Car Industry
82%
Oktoberfest
80%
Bratwurst
79%
Black Forest Gateau
65%
Lederhosen
61%
Castles
60%
Rhine Valley
39%
Claudia Schiffer
36%
Christmas Markets
34%
Oompah Bands
16%
ICE Train
12%

Score Distribution

Percentile by Number Answered

Percent of People with Each Score

Your Score History

You have not taken this quiz